The Brooke report (Record no. 103619)

MARC details
000 -LEADER
fixed length control field 01296cam a2200253 4500
001 - CONTROL NUMBER
control field J126458
008 - FIXED-LENGTH DATA ELEMENTS--GENERAL INFORMATION
fixed length control field 040610n2004 000 0 eng u
035 ## - SYSTEM CONTROL NUMBER
System control number (Sirsi) u126458
041 ## - LANGUAGE CODE
Language code of text/sound track or separate title eng
050 ## - LIBRARY OF CONGRESS CALL NUMBER
Classification number 333.0062
110 ## - MAIN ENTRY--CORPORATE NAME
Corporate name or jurisdiction name as entry element Royal Institution of Chartered Surveyors
Subordinate unit Brooke Review Committee
9 (RLIN) 4594
240 ## - UNIFORM TITLE
Uniform title Brooke report
245 #4 - TITLE STATEMENT
Title The Brooke report
Remainder of title report of the Brooke Review Committee June 2004
260 ## - PUBLICATION, DISTRIBUTION, ETC.
Place of publication, distribution, etc. [S.l.]
Name of publisher, distributor, etc. RICS
Date of publication, distribution, etc. 2004
490 ## - SERIES STATEMENT
Series statement RICS Brooke Review
520 ## - SUMMARY, ETC.
Summary, etc. Following six months of member consultation, the Brooke report outlines a plan to re-engage RICS members at local level, providing relevant professional communities. The report makes 44 recommendations, with key themes including devolution, professional communities, communication, self regulation, and RICS Matrics. Appendices include a consultation paper response analysis, an implementation plan and basic representative structure models.
650 ## - SUBJECT ADDED ENTRY--TOPICAL TERM
Topical term or geographic name entry element RICS BROOKE REVIEW
650 ## - SUBJECT ADDED ENTRY--TOPICAL TERM
Topical term or geographic name entry element RICS MEMBERSHIP
650 ## - SUBJECT ADDED ENTRY--TOPICAL TERM
Topical term or geographic name entry element CONSULTATION PROCESS
690 ## - LOCAL SUBJECT ADDED ENTRY--TOPICAL TERM (OCLC, RLIN)
Topical term or geographic name as entry element RICS NEWS
710 ## - ADDED ENTRY--CORPORATE NAME
Corporate name or jurisdiction name as entry element Royal Institution of Chartered Surveyors
9 (RLIN) 4900
856 ## - ELECTRONIC LOCATION AND ACCESS
Uniform Resource Identifier <a href="https://www.rics.org/profession-standards/knowledge-and-information-services">https://www.rics.org/profession-standards/knowledge-and-information-services</a>
Public note Please email [email protected] to request a copy
942 ## - ADDED ENTRY ELEMENTS (KOHA)
Suppress in OPAC 0
Source of classification or shelving scheme Dewey Decimal Classification
Holdings
Withdrawn status Lost status Damaged status Not for loan Home library Current library Shelving location Date acquired Total Checkouts Full call number Barcode Date last seen Copy number Price effective from Koha item type
        Archives Archives RICS Boxes 25/06/2025   RICS 2004/58   25/06/2025   25/06/2025 Book
        Virtual Virtual Archive copy 10/06/2004   SCAN 126458-2001 19/01/2024 1 06/08/2019 Online material